Deutsche Städte mit Doppelnamen - Statistiken

Allgemein
  • Dieses Quiz wurde 99 mal gespielt
  • Das Durchschnittsergebnis liegt bei 7 aus 76
Antwortstatistiken
Bundesland Einwohnerzahl Stadt % Korrekt
BW 85.181 Villingen-Schwenningen
76%
BW 55.123 Baden-Baden
63%
NW 73.425 Castrop-Rauxel
62%
ST 82.111 Dessau-Roßlau
57%
BW 43.093 Bietigheim-Bissingen
28%
RP 28.323 Idar-Oberstein
27%
NW 48.505 Rheda-Wiedenbrück
24%
ST 39.103 Bitterfeld-Wolfen
23%
NW 31.442 Oer-Erkenschwick
22%
RP 28.251 Bad Neuenahr-Ahrweiler
20%
NW 37.391 Kamp-Lintfort
18%
SN 19.769 Annaberg-Buchholz
15%
BW 40.092 Leinfelden-Echterdingen
15%
SN 20.519 Aue-Bad Schlema
14%
NI 15.888 Clausthal-Zellerfeld
13%
SN 24.029 Limbach-Oberfrohna
13%
NW 26.982 Neukirchen-Vluyn
13%
BW 24.226 Waldshut-Tiengen
13%
BW 12.269 Titisee-Neustadt
11%
TH 12.865 Zella-Mehlis
10%
RP 7.134 Bernkastel-Kues
9%
NI 30.300 Osterholz-Scharmbeck
9%
RP 5.567 Traben-Trarbach
9%
TH 20.218 Leinefelde-Worbis
8%
SN 14.607 Hohenstein-Ernstthal
6%
HE 34.828 Mörfelden-Walldorf
6%
HE 13.370 Bad Soden-Salmünster
5%
HE 8.675 Bad Sooden-Allendorf
5%
NW 17.178 Horn-Bad Meinberg
5%
RP 7.715 Ransbach-Baumbach
5%
NW 26.776 Schloß Holte-Stukenbrock
5%
TH 4.228 Tambach-Dietharz
5%
NW 24.081 Übach-Palenberg
5%
HE 16.807 Ginsheim-Gustavsburg
4%
RP 11.177 Mülheim-Kärlich
4%
MV 15.167 Ribnitz-Damgarten
4%
NW 8.475 Schieder-Schwalenberg
4%
TH 16.594 Zeulenroda-Triebes
4%
BB 9.062 Doberlug-Kirchhain
3%
RP 6.827 Gau-Algesheim
3%
RP 9.260 Höhr-Grenzhausen
3%
BW 14.542 Lauda-Königshofen
3%
MV 7.009 Neustadt-Glewe
3%
HE 11.869 Oestrich-Winkel
3%
BY 19.414 Sulzbach-Rosenberg
3%
ST 14.038 Wanzleben-Börde
3%
SN 5.633 Bad Gottleuba-Berggießhübel
1%
BW 3.094 Bad Teinach-Zavelstein
1%
SN 7.701 Belgern-Schildau
1%
SN 9.452 Brand-Erbisdorf
1%
TH 5.394 Dornburg-Camburg
1%
SN 11.994 Ebersbach-Neugersdorf
1%
BW 19.679 Korntal-Münchingen
1%
ST 13.795 Oebisfelde-Weferlingen
1%
SN 7.634 Pockau-Lengefeld
1%
ST 9.083 Raguhn-Jeßnitz
1%
RP 7.876 Ramstein-Miesenbach
1%
ST 14.468 Sandersdorf-Brehna
1%
TH 9.733 Steinbach-Hallenberg
1%
BB 5.245 Uebigau-Wahrenbrück
1%
ST 9.832 Wettin-Löbejün
1%
SN 9.784 Wilkau-Haßlau
1%
TH 3.557 Auma-Weidatal
0%
TH 6.090 Brotterode-Trusetal
0%
SN 5.898 Grünhain-Beierfeld
0%
SN 8.678 Lauter-Bernsbach
0%
BY 11.575 Maxhütte-Haidhof
0%
BY 6.243 Neumarkt-Sankt Veit
0%
SN 3.337 Neusalza-Spremberg
0%
ST 8.384 Oranienbaum-Wörlitz
0%
SN 4.945 Pausa-Mühltroff
0%
NI 10.110 Rehburg-Loccum
0%
ST 7.708 Roßleben-Wiehe
0%
TH 3.442 Saalburg-Ebersdorf
0%
SN 6.227 Schirgiswalde-Kirschau
0%
ST 9.248 Zahna-Elster
0%
Keine übereinstimmenden Quizze gefunden
Verteilung der Resultate
Anzahl Personen mit jedem Resultat
Perzentil nach korrekt beantworteten Fragen
Ihre Resultats-Entwicklung
Sie haben dieses Quiz noch nicht gespielt